Größte Häfen nach Containerumschlag - Statistiken

Allgemein
  • Dieses Quiz wurde 121 mal gespielt
  • Das Durchschnittsergebnis liegt bei 9 aus 40
Antwortstatistiken
Rank Antwort % Korrekt
20 Hamburg
97%
10 Rotterdam
89%
1 Shanghai
82%
19 New York
79%
16 Los Angeles
67%
9 Hongkong
61%
2 Singapur
49%
14 Antwerpen
43%
29 Mumbai
42%
26 Jakarta
38%
5 Guangzhou
33%
37 Bremerhaven
32%
38 Manila
28%
4 Shenzhen
25%
7 Busan
17%
33 Piräus
16%
8 Tianjin
14%
31 Valencia
12%
6 Qingdao
9%
13 Xiamen
9%
3 Ningbo
8%
40 Jeddah
5%
18 Long Beach
5%
11 Jebel Ali
4%
17 Kaohsiung
4%
30 Savannah
4%
23 Colombo
3%
12 Port Kelang
3%
39 Colon
1%
21 Laem Chabang
1%
27 Mundra
1%
24 Tanger-Med
1%
28 Hai Phong
0%
22 Ho-Chi-Minh City
0%
36 Lianyungang
0%
35 Rizhao
0%
25 Taicang
0%
15 Tanjung Pelepas
0%
32 Vung tau
0%
34 Yingkou
0%
Keine übereinstimmenden Quizze gefunden
Verteilung der Resultate
Anzahl Personen mit jedem Resultat
Perzentil nach korrekt beantworteten Fragen
Ihre Resultats-Entwicklung
Sie haben dieses Quiz noch nicht gespielt